000
00269nam a2200121Ia 4500
008
190216s9999||||xx |||||||||||||| ||und||
100
_a
V K N
245
0
_a
Pithamahan
260
_b
Dc Books Kottayam
_c
1996
300
_a
378p
650
_a
Novel Malayalam
942
_c
BK
999
_c
25607
_d
25607